00802cam a22002057a 4500008004000000020001500040082001300055245025400068260003100322300001000353650002600363650002700389650001200416700002300428700001300451700001300464700001600477999001900493952008400512180718b1999 xxu||||| |||| 00| 0 eng d a9051994516 aT19 P999 aIdentifying the poor: papers on measuring poverty to celebrate the bicentenary of the publication in 1797 of "the state of the poor" by Sir Frederick Morton Edencedited by F.G. Pyatt, and M. Ward;technically edited by D. Berze and M. Vanden Broecke aAmsterdambIOS Pressc1999 a233p. aThe State of the Poor aEden, Frederick Morton aPoverty aBroecke, M. Vanden aBerze,D. aWard, M. aPyatt, F.G. c396311d396311 00104070aIIPAbIIPAd2001-03-28oT19 P999p76642r2018-07-21w2018-07-21yBK